[Event "CRO-ch U17/U19"]
[Site "Vinkovci"]
[Date "2019.07.27"]
[Round "8"]
[White "Smetisko, Marija"]
[Black "Vukajlovic, Zorana"]
[Result "1-0"]
[WhiteElo "1814"]
[BlackElo "1850"]
[PlyCount "47"]
[EventDate "2019.07.22"]
[EventType "swiss"]
[EventRounds "9"]
[EventCountry "CRO"]
[SourceTitle "EXT 2020"]
[Source "ChessBase"]
[SourceDate "2019.10.17"]
[SourceVersion "1"]
[SourceVersionDate "2019.10.17"]
[SourceQuality "1"]

1. e4 e5 2. Nf3 Nc6 3. Bc4 Bc5 4. Nc3 Nf6 5. d3 h6 6. a3 a6 7. h3 d6 8. 0-0 0-0 9. Ne2 Ne7 10. Ng3 Ng6 11. c3 Ba7 12. Be3 Bxe3 13. fxe3 c6 14. Ba2 Qb6 15. Qe2 Nf4 16. Qd2 Be6 17. Kh2 Ng6 18. Nf5 Bxa2 19. Rxa2 Rad8 20. Qf2 d5 21. N3h4 Qc7 22. Nxg7 Kxg7 23. Qxf6+ Kg8 24. Nf5 1-0

[Event "CRO-ch U19 Girls"]
[Site "Vinkovci"]
[Date "2017.07.26"]
[Round "3"]
[White "Batory, Lucija"]
[Black "Vukajlovic, Zorana"]
[Result "1/2-1/2"]
[WhiteElo "1738"]
[BlackElo "1748"]
[PlyCount "72"]
[EventDate "2017.07.24"]
[EventType "swiss"]
[EventRounds "7"]
[EventCountry "CRO"]
[SourceTitle "EXT 2018"]
[Source "ChessBase"]
[SourceDate "2017.10.13"]
[SourceVersion "1"]
[SourceVersionDate "2017.10.13"]
[SourceQuality "1"]

1. e4 e5 2. Nf3 Nc6 3. Bb5 Nf6 4. d3 Bc5 5. 0-0 d6 6. c3 0-0 7. Re1 Bd7 8. Nbd2 a6 9. Ba4 Re8 10. Nf1 Ne7 11. Bb3 h6 12. Ng3 Ng6 13. d4 exd4 14. cxd4 Bb6 15. Bd2 Be6 16. Bc2 Bd7 17. Rc1 Bg4 18. Bc3 c6 19. h3 Bxf3 20. Qxf3 Nh4 21. Qf4 Ng6 22. Qd2 Qc7 23. Nf5 Ne7 24. Nxd6 Qxd6 25. e5 Qe6 26. exf6 Qxf6 27. d5 Qd6 28. dxc6 Qxd2 29. Bxd2 Nxc6 30. Be4 Rac8 31. b3 Rcd8 32. Bf4 Rd4 33. Bxc6 Rxe1+ 34. Rxe1 Rxf4 35. Re8+ Kh7 36. Bf3 Bc5 1/2-1/2

[Event "CRO-ch (Women)"]
[Site "Malinska"]
[Date "2017.05.12"]
[Round "7"]
[White "Vukajlovic, Zorana"]
[Black "Berke, Ana"]
[Result "0-1"]
[WhiteElo "1727"]
[BlackElo "2141"]
[PlyCount "110"]
[EventDate "2017.05.08"]
[EventType "tourn"]
[EventRounds "9"]
[EventCountry "CRO"]
[SourceTitle "CBM 178 Extra"]
[Source "ChessBase"]
[SourceDate "2017.06.22"]
[SourceVersion "1"]
[SourceVersionDate "2017.06.22"]
[SourceQuality "1"]

1. e4 c5 2. Nf3 d6 3. d4 cxd4 4. Nxd4 Nf6 5. Nc3 Nc6 6. Be3 Ng4 7. Bc1 Qb6 8. Bb5 Bd7 9. Bxc6 bxc6 10. 0-0 g6 11. h3 Ne5 12. Rb1 Bg7 13. Be3 Nc4 14. Nf5 Nxe3 15. Nxe3 0-0 16. Qd2 Rab8 17. Rfd1 Qb4 18. f3 Qc5 19. Na4 Qb4 20. Qxb4 Rxb4 21. b3 Rfb8 22. Kf2 f5 23. exf5 Bxf5 24. Nxf5 gxf5 25. c4 c5 26. Nb2 Bd4+ 27. Kf1 e5 28. Nd3 R4b7 29. Ne1 a5 30. Nc2 Kf7 31. Na3 Ke6 32. Nb5 h5 33. Re1 Ra8 34. Re2 Rg7 35. Rd1 Kd7 36. Nxd4 cxd4 37. c5 f4 38. Rde1 Re7 39. Re4 Rc8 40. cxd6 Kxd6 41. Rd1 Rc2 42. Re2 Rec7 43. Rdd2 Rxd2 44. Rxd2 Kd5 45. Kf2 h4 46. Ke2 Rc3 47. Rd3 Rc1 48. Rd2 Kc5 49. a3 Ra1 50. b4+ axb4 51. axb4+ Kxb4 52. Kd3 Re1 53. Re2 Rxe2 54. Kxe2 Kc3 55. Ke1 Kc2 0-1

[Event "CRO-ch (Women)"]
[Site "Malinska"]
[Date "2017.05.11"]
[Round "5"]
[White "Vukajlovic, Zorana"]
[Black "Spiranec, Noemi"]
[Result "0-1"]
[WhiteElo "1727"]
[BlackElo "2037"]
[PlyCount "48"]
[EventDate "2017.05.08"]
[EventType "tourn"]
[EventRounds "9"]
[EventCountry "CRO"]
[SourceTitle "CBM 178 Extra"]
[Source "ChessBase"]
[SourceDate "2017.06.22"]
[SourceVersion "1"]
[SourceVersionDate "2017.06.22"]
[SourceQuality "1"]

1. e4 c5 2. Nf3 e6 3. d4 cxd4 4. Nxd4 a6 5. Nc3 b5 6. Be3 Qc7 7. Qd2 Nf6 8. f3 Bb7 9. g4 Bb4 10. h4 d5 11. e5 Qxe5 12. 0-0-0 Qc7 13. h5 Nc6 14. Kb1 Ba5 15. Nxc6 Bxc6 16. Bd4 0-0-0 17. Qe3 Kb7 18. Qg5 Bxc3 19. Bxc3 d4 20. Rxd4 Rxd4 21. Bxd4 Rd8 22. Qc5 Bxf3 23. Qa7+ Kc8 24. Qxa6+ Bb7 0-1

[Event "Osijek op"]
[Site "Osijek"]
[Date "2015.03.05"]
[Round "2"]
[White "Bokun, Josip"]
[Black "Vukajlovic, Zorana"]
[Result "1/2-1/2"]
[WhiteElo "1859"]
[BlackElo "1670"]
[PlyCount "32"]
[EventDate "2015.03.05"]
[EventType "swiss"]
[EventRounds "7"]
[EventCountry "CRO"]
[SourceTitle "CBM 165 Extra"]
[Source "ChessBase"]
[SourceDate "2015.04.21"]
[SourceVersion "1"]
[SourceVersionDate "2015.04.21"]
[SourceQuality "1"]

1. d4 d5 2. c4 e6 3. Nc3 Nf6 4. Bg5 Be7 5. e3 0-0 6. Nf3 b6 7. Bd3 Bb7 8. Qc2 dxc4 9. Bxc4 Bxf3 10. gxf3 h6 11. Bf4 Bd6 12. Bg3 Nc6 13. a3 Ne7 14. Rd1 Qd7 15. e4 Bxg3 16. fxg3 c6 1/2-1/2